00378nam a2200145Ia 4500003000400000005001700004008004100021040000900062082002000071100002900091245005100120260003700171300000900208650001500217OSt20201221151149.0190216s9999||||xx |||||||||||||| ||und|| coclc a894.8124bCHA/V aChandrasekharan, Meloth  0aVailoppillikkavitha /cMeloth Chandrasekharan  bNbs Kottayam,a Kottayam:c1977. a240p aNiroopanam